Central Library OPAC University of Rajshahi

The virtuoso / (Record no. 21249)

MARC details
000 -LEADER
fixed length control field 00821nam a2200253 a 4500
001 - CONTROL NUMBER
control field 21249
003 - CONTROL NUMBER IDENTIFIER
rucl marc code BD-RjUL
005 - DATE AND TIME OF LATEST TRANSACTION
control field 20211209000650.0
008 - FIXED-LENGTH DATA ELEMENTS--GENERAL INFORMATION
fixed length control field 140403s1966 enk 000 0 eng d
035 ## - SYSTEM CONTROL NUMBER
System control number (BD-RjUL)21313
040 ## - CATALOGING SOURCE
Original cataloging agency EQO
Transcribing agency EQO
Language of cataloging eng
Modifying agency BD-RjUL
041 ## - LANGUAGE CODE
Language code of text/sound track or separate title eng
082 ## - DEWEY DECIMAL CLASSIFICATION NUMBER
Edition number 20
Classification number 808.8245
Author mark and year SHV
100 1# - MAIN ENTRY--PERSONAL NAME
Personal name Shadwell, Thomas,
Dates associated with a name 1642?-1692.
9 (RLIN) 65689
245 14 - TITLE STATEMENT
Title The virtuoso /
Statement of responsibility, etc. Thomas Shadwell ; edited by Marjorie Hope Nicolson and David Stuart Rodes
260 ## - PUBLICATION, DISTRIBUTION, ETC. (IMPRINT)
Place of publication, distribution, etc. London :
Name of publisher, distributor, etc. Edward Arnold,
Date of publication, distribution, etc. 1966.
300 ## - PHYSICAL DESCRIPTION
Pagination xxvi, 153 p. ;
Size 21 cm
650 ## - SUBJECT ADDED ENTRY--TOPICAL TERM
Topical term or geographic name as entry element English drama -- 18th century.
9 (RLIN) 63315
700 1# - ADDED ENTRY--PERSONAL NAME
Personal name Nicolson, Marjorie Hope,
Dates associated with a name 1894-1981.
Personal name Rodes, David Stuart.
830 #0 - SERIES ADDED ENTRY--UNIFORM TITLE
Uniform title Regents restoration drama series
942 ## - ADDED ENTRY ELEMENTS (KOHA)
Source of classification or shelving scheme Dewey Decimal Classification
Koha item type Books
Holdings
Lost status Source of classification or shelving scheme Damaged status Not for loan Collection code Permanent Location Current Location Shelving location Date acquired Source of acquisition Cost, normal purchase price Total Checkouts Full call number Date last seen Copy number Koha item type
  Dewey Decimal Classification   Added to bundle Fiction Central Library, University of Rajshahi Central Library, University of Rajshahi Reading Room 26/11/1969 Zeit 21.00   808.8245 SHV 1966 04/03/2014 C-1 Books
  Dewey Decimal Classification     Fiction Central Library, University of Rajshahi Central Library, University of Rajshahi   18/04/1967 Blackwell 15.00   808.8245 SHV 1966 08/03/2014 C-2 Books